MARC

LEADER 00000nam0a2200000 4500
001 274054
005 20231101234706.0
020 |a RU  |b 87-73787 
035 |a (RuTPU)RU\TPU\book\297264 
090 |a 274054 
100 |a 20141030d1987 m y0rusy5003 ca 
101 0 |a rus 
102 |a LV 
105 |a y j 000zy 
200 1 |a Конструирование типовых деталей приборных устройств  |e учебное пособие для вузов  |f М. Ж. Илсумс  |g Рижский политехнический институт 
210 |a Рига  |c Изд-во РПИ  |d 1987 
215 |a 50 с. 
606 1 |a Приборы  |x Детали и узлы  |x Проектирование  |x Конструирование  |2 stltpush  |3 (RuTPU)RU\TPU\subj\51611  |9 70184 
610 1 |a типовые детали 
610 1 |a конструирование 
610 1 |a приборные устройства 
610 1 |a надежность 
610 1 |a стандарты 
610 1 |a учебные пособия 
675 |a 681.2-2(075.8)  |z rus  |v 3 
700 1 |a Илсумс  |b В. А.  |g Виктор Александрович 
712 0 2 |a Рижский политехнический институт  |2 stltpush  |3 (RuTPU)RU\TPU\col\7561  |9 24345 
801 0 |a RU  |b RuMRKP  |c 19950417  |g psbo 
801 1 |a RU  |b 63413507  |c 20141030 
801 2 |a RU  |b 63413507  |c 20170117  |g RCR 
942 |c BK